000 00314nam a22001337a 4500
008 170914b xxu||||| |||| 00| 0 eng d
020 _a9780961392147
041 _aeng
080 _a7
100 _a44
101 _aART
245 _aTHE VISUAL DISPLAY OF QUANTITATIVE INFORMATION
_cTUFTE, E.R
942 _2udc
_cBK
999 _c27611
_d27611